[Event "Mercredi 2010.03.31 ABCD"]
[Site "Montreal CAN"]
[Date "2010.04.14"]
[Round "3"]
[White "Sonko, Babacar"]
[Black "Messier, Samuel"]
[Result "1/2-1/2"]
[WhiteElo "1685"]
[BlackElo "1650"]
[PlyCount "35"]
[EventDate "2010.03.31"]
[EventType "tourn"]
[EventRounds "5"]
[EventCountry "CAN"]

1. e4 c6 2. d4 d5 3. exd5 cxd5 4. Bd3 Nf6 5. Nf3 Bg4 6. h3 Bh5 7. c3 e6 8. Qa4+
Nbd7 9. Ne5 a6 10. Bg5 Be7 11. O-O b5 12. Qc2 Rc8 13. f4 Bg6 14. f5 exf5 15.
Bxf5 Nxe5 16. dxe5 Ne4 17. Bxe4 Bxe4 18. Qf2 1/2-1/2

[Event "Mercredi 2010.03.31 ABCD"]
[Site "Montreal CAN"]
[Date "2010.04.14"]
[Round "3"]
[White "Sonn, Eric"]
[Black "Eddouri, Hmida"]
[Result "0-1"]
[WhiteElo "1524"]
[BlackElo "1509"]
[PlyCount "90"]
[EventDate "2010.03.31"]
[EventType "tourn"]
[EventRounds "5"]
[EventCountry "CAN"]

1. c4 Nf6 2. Nc3 g6 3. e4 e5 4. Nf3 d6 5. d4 exd4 6. Nxd4 Bg7 7. Be2 O-O 8. O-O
b6 9. Bf3 Bb7 10. Bf4 Nbd7 11. Qc2 Ne5 12. Bxe5 dxe5 13. Nde2 c6 14. Rad1 Qe7
15. Rd3 Ba6 16. b3 Bc8 17. Rfd1 Bg4 18. Bxg4 Nxg4 19. h3 Nf6 20. Qd2 Qb4 21.
Rd6 Rac8 22. Qg5 h6 23. Qe3 Ne8 24. Rd7 Nc7 25. Qd3 Ne6 26. Rxa7 Rcd8 27. Rd7
Nc5 28. Rxd8 Nxd3 29. R8xd3 b5 30. cxb5 cxb5 31. Rd5 Rb8 32. R1d3 Qa3 33. Rd2
b4 34. Nb5 Qa6 35. Nc7 Qc6 36. Rd7 Qxe4 37. Ng3 Qe1+ 38. Nf1 e4 39. Re7 Bf6 40.
Red7 Bg5 41. Rd1 Qe2 42. Ng3 Qxa2 43. Nxe4 Qxb3 44. Ra1 Qb2 45. Re1 Rd8 0-1

[Event "Mercredi 2010.03.31 ABCD"]
[Site "Montreal CAN"]
[Date "2010.04.26"]
[Round "4"]
[White "Gauthier, Luc"]
[Black "Sonko, Babacar"]
[Result "0-1"]
[WhiteElo "1724"]
[BlackElo "1685"]
[PlyCount "66"]
[EventDate "2010.03.31"]
[EventType "tourn"]
[EventRounds "5"]
[EventCountry "CAN"]

1. e4 c5 2. Nc3 a6 3. g3 Nc6 4. Bg2 d6 5. d3 Bd7 6. f4 Rb8 7. Nf3 b5 8. O-O b4
9. Nd5 e6 10. Ne3 Be7 11. h3 h5 12. Nc4 Qc7 13. c3 h4 14. g4 Nh6 15. e5 d5 16.
Ne3 d4 17. cxd4 cxd4 18. g5 dxe3 19. gxh6 Bc5 20. d4 e2 21. Qxe2 Nxd4 22. Nxd4
Bxd4+ 23. Be3 Bb5 24. Qf3 Bxe3+ 25. Qxe3 Bxf1 26. hxg7 Rg8 27. Rxf1 Qb6 28.
Qxb6 Rxb6 29. Rc1 Rxg7 30. Rc8+ Kd7 31. Ra8 Rc6 32. Ra7+ Rc7 33. Rxa6 Rc1+ 0-1

[Event "Mercredi 2010.03.31 ABCD"]
[Site "Montreal CAN"]
[Date "2010.04.21"]
[Round "4"]
[White "Keane-McCarney, Eamon"]
[Black "Messier, Samuel"]
[Result "0-1"]
[WhiteElo "1643"]
[BlackElo "1650"]
[PlyCount "108"]
[EventDate "2010.03.31"]
[EventType "tourn"]
[EventRounds "5"]
[EventCountry "CAN"]

1. e4 c5 2. Nf3 Nc6 3. d4 cxd4 4. Nxd4 Nf6 5. Nc3 e5 6. Ndb5 d6 7. Bg5 a6 8.
Na3 b5 9. Nd5 Be7 10. Bxf6 Bxf6 11. c3 O-O 12. Nc2 Bg5 13. a4 Rb8 14. b4 Ne7
15. Be2 Be6 16. h4 Bxd5 17. exd5 Bf4 18. g3 Bh6 19. axb5 axb5 20. Ra5 Qc7 21.
Qa1 Rfc8 22. Na3 Qxc3+ 23. Qxc3 Rxc3 24. Nxb5 Rc1+ 25. Bd1 Nxd5 26. O-O Nxb4
27. Nxd6 Nc6 28. Bf3 Rxf1+ 29. Kxf1 Nxa5 30. Bd5 Rb1+ 31. Kg2 Kf8 32. Nxf7 Rb5
33. Nxh6 Rxd5 34. Ng4 Nc4 35. Kf3 h5 36. Nh2 Nd2+ 37. Ke3 g6 38. f4 exf4+ 39.
Kxf4 Rf5+ 40. Ke3 Nf1+ 41. Nxf1 Rxf1 42. Ke4 Ke7 43. Ke3 Ke6 44. Ke2 Rf8 45.
Ke1 Ke5 46. Ke2 Ke4 47. Ke1 Ke3 48. Kd1 Rf2 49. Kc1 Kd3 50. Kb1 Kc3 51. g4 hxg4
52. h5 gxh5 53. Ka1 Kb3 54. Kb1 Rf1# 0-1

[Event "Mercredi 2010.03.31 ABCD"]
[Site "Montreal CAN"]
[Date "2010.04.21"]
[Round "4"]
[White "Khudaverdian, Berj"]
[Black "Chesnut, Walter"]
[Result "1/2-1/2"]
[WhiteElo "1713"]
[BlackElo "1692"]
[PlyCount "48"]
[EventDate "2010.03.31"]
[EventType "tourn"]
[EventRounds "5"]
[EventCountry "CAN"]

1. Nf3 Nf6 2. c4 c6 3. Nc3 d5 4. d4 dxc4 5. a4 Bf5 6. Ne5 Nbd7 7. Nxc4 Nb6 8.
Ne3 Bg6 9. a5 Nbd5 10. Nexd5 Nxd5 11. Qb3 Nxc3 12. bxc3 Qc7 13. g3 e6 14. Bf4
Bd6 15. Bxd6 Qxd6 16. Qxb7 O-O 17. Bg2 Rfc8 18. O-O e5 19. dxe5 Qxe5 20. Bxc6
Rab8 21. Qd7 Qxc3 22. Rfc1 Qb2 23. e4 Bxe4 24. Qxa7 Rxc6 1/2-1/2

[Event "Mercredi 2010.03.31 ABCD"]
[Site "Montreal CAN"]
[Date "2010.04.21"]
[Round "4"]
[White "Lange, Holger"]
[Black "Gates, Claude-Eric"]
[Result "0-1"]
[WhiteElo "1728"]
[BlackElo "1744"]
[PlyCount "96"]
[EventDate "2010.03.31"]
[EventType "tourn"]
[EventRounds "5"]
[EventCountry "CAN"]

1. d4 Nf6 2. c4 e6 3. Nc3 Bb4 4. Qc2 O-O 5. Nf3 c5 6. e3 d5 7. Bd2 b6 8. a3
Bxc3 9. Bxc3 Nbd7 10. cxd5 Nxd5 11. Bd3 h6 12. O-O Bb7 13. Qe2 Nxc3 14. bxc3
Nf6 15. Rfd1 cxd4 16. cxd4 Nd5 17. Bc2 Rc8 18. Qd3 Nf6 19. Nd2 Qd5 20. f3 Rfd8
21. Bb3 Qg5 22. Rac1 Nd5 23. Rxc8 Rxc8 24. Bxd5 Qxd5 25. e4 Qd7 26. Nf1 Qa4 27.
Rb1 Ba6 28. Qe3 Qc2 29. Ra1 Qb2 30. Rd1 Rc3 31. Qf2 Qxa3 32. Qe1 Bxf1 33. Kxf1
Qa6+ 34. Kf2 Qc4 35. Qe2 Kf8 36. Rd2 Ke7 37. d5 exd5 38. exd5+ Qxe2+ 39. Kxe2
Kd6 40. Ra2 Rc7 41. Rd2 Rc5 42. Ra2 Ra5 43. Rxa5 bxa5 44. Kd3 Kxd5 45. Kc3 g5
46. Kb3 Kd4 47. Ka4 Ke3 48. Kxa5 Kf2 0-1

[Event "Mercredi 2010.03.31 ABCD"]
[Site "Montreal CAN"]
[Date "2010.04.21"]
[Round "4"]
[White "Levkovsky, Alexandre"]
[Black "Lange, David"]
[Result "1-0"]
[WhiteElo "2193"]
[BlackElo "1962"]
[PlyCount "49"]
[EventDate "2010.03.31"]
[EventType "tourn"]
[EventRounds "5"]
[EventCountry "CAN"]

1. e4 c5 2. Nf3 d6 3. d4 cxd4 4. Nxd4 Nf6 5. Nc3 a6 6. Be2 e6 7. O-O Be7 8. Be3
O-O 9. f4 b5 10. Bf3 Bb7 11. e5 Nd5 12. Nxd5 exd5 13. e6 Bf6 14. exf7+ Rxf7 15.
c3 Bxd4 16. Bxd4 Nd7 17. Bh5 Re7 18. Qg4 Qf8 19. Qg5 Nc5 20. Rae1 Ne4 21. Qh4
a5 22. f5 Nf6 23. Rxe7 Qxe7 24. Re1 Qf8 25. Bxf6 1-0

[Event "Mercredi 2010.03.31 ABCD"]
[Site "Montreal CAN"]
[Date "2010.04.21"]
[Round "4"]
[White "Rondon, Luciano"]
[Black "Baran, Marius"]
[Result "1-0"]
[WhiteElo "1793"]
[BlackElo "1747"]
[PlyCount "53"]
[EventDate "2010.03.31"]
[EventType "tourn"]
[EventRounds "5"]
[EventCountry "CAN"]

1. d4 Nf6 2. c4 e6 3. e3 Be7 4. Nf3 O-O 5. Bd3 b6 6. O-O Bb7 7. Nc3 d5 8. Bd2
c5 9. Qe2 Ne4 10. cxd5 exd5 11. Rac1 Nd7 12. Rfd1 Re8 13. Bb5 a6 14. Ba4 b5 15.
Bc2 Qb6 16. Be1 c4 17. Nd2 Bg5 18. Ndxe4 dxe4 19. Qg4 Re6 20. Qxg5 Nf6 21. Ne2
Rc8 22. Nf4 h6 23. Qg3 Ree8 24. d5 Rcd8 25. Bc3 b4 26. Bd4 Qb5 27. Bxf6 1-0

[Event "Mercredi 2010.03.31 ABCD"]
[Site "Montreal CAN"]
[Date "2010.04.21"]
[Round "4"]
[White "Sasseville, Jean"]
[Black "Gagnon, Serge"]
[Result "1/2-1/2"]
[WhiteElo "2058"]
[BlackElo "1969"]
[PlyCount "77"]
[EventDate "2010.03.31"]
[EventType "tourn"]
[EventRounds "5"]
[EventCountry "CAN"]

1. Nf3 g6 2. c4 Bg7 3. e4 d6 4. d4 Nc6 5. Be2 Bg4 6. Be3 e5 7. d5 Bxf3 8. Bxf3
Nd4 9. Nc3 Ne7 10. O-O Nxf3+ 11. Qxf3 f5 12. exf5 O-O 13. Ne4 Nxf5 14. Qh3 Qh4
15. Qxh4 Nxh4 16. c5 Nf5 17. cxd6 Nxd6 18. Nxd6 cxd6 19. Rfc1 Rfc8 20. Kf1 Kf7
21. Ke2 b6 22. Rxc8 Rxc8 23. Rc1 Rxc1 24. Bxc1 Ke7 25. Kd3 Kd7 26. Ke4 b5 27.
b3 Bf6 28. g4 Bd8 29. Be3 a6 30. h4 Bf6 31. h5 Ke7 32. a4 bxa4 33. bxa4 Kf7 34.
f4 gxh5 35. gxh5 exf4 36. Bxf4 Be7 37. Kf5 Bf8 38. Bg5 Kg7 39. Bf4 1/2-1/2

[Event "Mercredi 2010.03.31 ABCD"]
[Site "Montreal CAN"]
[Date "2010.04.21"]
[Round "4"]
[White "Sonn, Eric"]
[Black "Chen, Jianqiu"]
[Result "0-1"]
[WhiteElo "1524"]
[BlackElo "1523"]
[PlyCount "66"]
[EventDate "2010.03.31"]
[EventType "tourn"]
[EventRounds "5"]
[EventCountry "CAN"]

1. e4 c5 2. Nf3 d6 3. d4 cxd4 4. Nxd4 Nf6 5. Nc3 g6 6. Be3 Bg7 7. f3 O-O 8. Qd2
Nc6 9. Bc4 Bd7 10. g4 Nxd4 11. Bxd4 Rc8 12. Bb3 b5 13. Bxa7 b4 14. Nd1 Qa5 15.
Bd4 Ba4 16. O-O Bxb3 17. cxb3 Rc6 18. Ne3 e5 19. Nc4 Rxc4 20. bxc4 exd4 21. a3
Rb8 22. a4 Nd7 23. b3 Nc5 24. Rab1 d3 25. Kh1 Qd8 26. g5 Bc3 27. Qg2 Ne6 28. f4
Qe7 29. Rf3 Nc5 30. f5 Qxe4 31. f6 d2 32. Rbf1 Re8 33. Qh3 Ne6 0-1

[Event "Mercredi 2010.03.31 ABCD"]
[Site "Montreal CAN"]
[Date "2010.04.21"]
[Round "4"]
[White "Zroud, Hicham"]
[Black "Cote, Philippe"]
[Result "1/2-1/2"]
[WhiteElo "1789"]
[BlackElo "1753"]
[PlyCount "48"]
[EventDate "2010.03.31"]
[EventType "tourn"]
[EventRounds "5"]
[EventCountry "CAN"]

1. e4 d6 2. d4 Nf6 3. Nc3 g6 4. Nf3 Bg7 5. h3 a6 6. a4 Nc6 7. Be3 O-O 8. Qd2 e5
9. dxe5 dxe5 10. Rd1 Qxd2+ 11. Rxd2 h6 12. Bc4 Nh5 13. Nd5 Be6 14. Bb3 Bxd5 15.
Bxd5 Nf4 16. Bc5 Rfd8 17. Bxc6 bxc6 18. g3 Ne6 19. Ba3 Nd4 20. Nh4 g5 21. c3
gxh4 22. cxd4 hxg3 23. fxg3 Rxd4 24. Rxd4 exd4 1/2-1/2

[Event "Mercredi 2010.03.31 ABCD"]
[Site "Montreal CAN"]
[Date "2010.04.28"]
[Round "5"]
[White "Chesnut, Walter"]
[Black "Keane-McCarney, Eamon"]
[Result "1-0"]
[WhiteElo "1692"]
[BlackElo "1643"]
[PlyCount "163"]
[EventDate "2010.03.31"]
[EventType "tourn"]
[EventRounds "5"]
[EventCountry "CAN"]

1. Nf3 c5 2. e4 d6 3. d4 cxd4 4. Nxd4 Nf6 5. Nc3 a6 6. Bg5 e6 7. f4 Be7 8. Qf3
Qc7 9. O-O-O b5 10. Bd3 Nbd7 11. g4 Bb7 12. Rhe1 Rc8 13. Qg3 h6 14. Bh4 Nc5 15.
Bxf6 gxf6 16. Kb1 b4 17. Nce2 Nxe4 18. Bxe4 Bxe4 19. Qb3 Qc4 20. Qa4+ Kf8 21.
Ng3 Bc6 22. Nxc6 Rxc6 23. Re4 Qc5 24. Rxb4 d5 25. Rb8+ Kg7 26. Rxh8 Kxh8 27.
Ne2 Qc4 28. Qxc4 Rxc4 29. Nd4 Bd6 30. f5 e5 31. Ne2 d4 32. c3 Kh7 33. cxd4 exd4
34. Rxd4 Rxd4 35. Nxd4 Bxh2 36. Kc2 Be5 37. Kd3 Kg8 38. b3 Kf8 39. Ke4 Ke7 40.
Nc6+ Kd6 41. Nb4 a5 42. Nd3 Bc3 43. a4 Be5 44. Nc1 Kc5 45. Nd3+ Kd6 46. b4 Bc3
47. bxa5 Bxa5 48. Nb2 Kc5 49. Nd3+ Kc4 50. Nf4 Bd2 51. Nd5 Bg5 52. Nb6+ Kb4 53.
Kd5 Ka5 54. Kc6 Bh4 55. Nd7 Kxa4 56. Kd6 Kb5 57. Ke7 Kc6 58. Nxf6 Kc5 59. Kxf7
Kd4 60. Kg6 Ke5 61. Ng8 Kf4 62. Kh5 Bg5 63. f6 Kf3 64. f7 Kg2 65. f8=Q Kg3 66.
Nxh6 Bf4 67. g5 Be5 68. g6 Kg2 69. g7 Bxg7 70. Qxg7+ Kf2 71. Qg4 Ke3 72. Kg5
Kd2 73. Qf3 Kc2 74. Kf4 Kb2 75. Ke4 Kc2 76. Ng4 Kb2 77. Kd4 Kc2 78. Qe3 Kb2 79.
Kc4 Ka2 80. Kb4 Ka1 81. Qd2 Kb1 82. Kb3 1-0

[Event "Mercredi 2010.03.31 ABCD"]
[Site "Montreal CAN"]
[Date "2010.04.28"]
[Round "5"]
[White "Dobrev, Martin"]
[Black "Levkovsky, Alexandre"]
[Result "1/2-1/2"]
[WhiteElo "1855"]
[BlackElo "2193"]
[PlyCount "88"]
[EventDate "2010.03.31"]
[EventType "tourn"]
[EventRounds "5"]
[EventCountry "CAN"]

1. d4 Nf6 2. c4 e6 3. Nc3 Bb4 4. Qc2 d5 5. e3 O-O 6. a3 Be7 7. Nf3 c5 8. dxc5
Bxc5 9. b4 Be7 10. Bb2 a5 11. b5 Qc7 12. Na4 Nbd7 13. Bd3 b6 14. O-O Bb7 15.
Rac1 dxc4 16. Qxc4 Qxc4 17. Rxc4 Bd5 18. Rcc1 Bb3 19. Nc3 Nc5 20. Be2 Rfd8 21.
Nd4 Kf8 22. Nxb3 Nxb3 23. Rcd1 Rac8 24. Rxd8+ Rxd8 25. Rd1 Rxd1+ 26. Bxd1 Nc5
27. Bc2 Ne8 28. Ne4 Nxe4 29. Bxe4 Bf6 30. Bc1 Nd6 31. Bd3 Nb7 32. Kf1 Ke7 33.
a4 Bc3 34. Ba3+ Bb4 35. Bb2 Nc5 36. Bc2 f6 37. Ke2 Kd6 38. e4 e5 39. f3 Ne6 40.
g3 Nd4+ 41. Bxd4 exd4 42. Kd3 Kc5 43. f4 Be1 44. g4 h6 1/2-1/2

[Event "Mercredi 2010.03.31 ABCD"]
[Site "Montreal CAN"]
[Date "2010.04.28"]
[Round "5"]
[White "Gates, Claude-Eric"]
[Black "Rondon, Luciano"]
[Result "1/2-1/2"]
[WhiteElo "1744"]
[BlackElo "1793"]
[PlyCount "72"]
[EventDate "2010.03.31"]
[EventType "tourn"]
[EventRounds "5"]
[EventCountry "CAN"]

1. c4 e5 2. g3 Nf6 3. Bg2 Bc5 4. e3 O-O 5. Ne2 d6 6. Nbc3 c6 7. O-O Bf5 8. d4
Bb6 9. b3 Nbd7 10. Ba3 Bc7 11. d5 c5 12. e4 Bg6 13. Bc1 h6 14. f3 a6 15. Be3
Rb8 16. a4 Ba5 17. Qc1 Bxc3 18. Nxc3 Ne8 19. Ra2 Qe7 20. Re2 f5 21. f4 fxe4 22.
Nxe4 Nef6 23. Nxf6+ Rxf6 24. Qd2 Rbf8 25. Bh3 Bf5 26. Bg2 Bg4 27. Ref2 Bf5 28.
Re1 Qf7 29. Rfe2 Bg4 30. Rf2 Bf5 31. Ref1 Qh5 32. Bf3 Bg4 33. Qe2 Bxf3 34. Qxf3
Qxf3 35. Rxf3 exf4 36. gxf4 Ne5 1/2-1/2

[Event "Mercredi 2010.03.31 ABCD"]
[Site "Montreal CAN"]
[Date "2010.04.28"]
[Round "5"]
[White "Sasseville, Jean"]
[Black "Lange, David"]
[Result "1/2-1/2"]
[WhiteElo "2058"]
[BlackElo "1962"]
[PlyCount "90"]
[EventDate "2010.03.31"]
[EventType "tourn"]
[EventRounds "5"]
[EventCountry "CAN"]

1. d4 Nf6 2. c4 g6 3. Nc3 Bg7 4. e4 d6 5. f4 O-O 6. Nf3 c5 7. Be3 cxd4 8. Nxd4
Na6 9. Be2 Nc5 10. Bf3 Bd7 11. O-O Rc8 12. Rc1 a6 13. b4 Ne6 14. Nxe6 Bxe6 15.
c5 Nd7 16. Nd5 dxc5 17. bxc5 Nf6 18. Rb1 Rb8 19. Rf2 Bxd5 20. exd5 Qc7 21. d6
Qd7 22. Rfb2 exd6 23. Qxd6 Qxd6 24. cxd6 Rbd8 25. Rb6 Rfe8 26. R1b3 Re6 27.
Bxb7 Rdxd6 28. Bxa6 Nd5 29. Rb8+ Bf8 30. Bc5 Rxa6 31. Bxf8 h5 32. Bd6+ Kh7 33.
Be5 f6 34. R3b7+ Re7 35. Rxe7+ Nxe7 36. Rb7 fxe5 37. Rxe7+ Kh6 38. Rxe5 Rxa2
39. h3 Kg7 40. Kh2 Ra3 41. Rg5 Kf6 42. Rg3 Ra4 43. Rf3 h4 44. g4 hxg3+ 45. Kxg3
g5 1/2-1/2

[Event "Mercredi 2010.03.31 ABCD"]
[Site "Montreal CAN"]
[Date "2010.04.28"]
[Round "5"]
[White "Sonko, Babacar"]
[Black "Khudaverdian, Berj"]
[Result "0-1"]
[WhiteElo "1685"]
[BlackElo "1713"]
[PlyCount "69"]
[EventDate "2010.03.31"]
[EventType "tourn"]
[EventRounds "5"]
[EventCountry "CAN"]

1. e4 d5 2. exd5 Nf6 3. d4 Bg4 4. Bb5+ Nbd7 5. Bxd7+ Qxd7 6. f3 Bf5 7. c4 e6 8.
dxe6 Bxe6 9. d5 Bb4+ 10. Bd2 Bxd2+ 11. Qxd2 O-O-O 12. dxe6 Qxe6+ 13. Qe2 Qd6
14. Qc2 Rhe8+ 15. Ne2 Qc5 16. Nbc3 Qe3 17. Rd1 g6 18. Rxd8+ Rxd8 19. Nd1 Qc5
20. Nf2 Nd5 21. Ne4 Qa5+ 22. Qd2 Nb4 23. Qc3 Nd3+ 24. Kd2 Nf2+ 25. Ke1 Qxc3+
26. N2xc3 Nxh1 27. Kf1 Rd2 28. b3 c6 29. f4 b5 30. cxb5 cxb5 31. b4 Rb2 32. Kg1
Rxb4 33. Kxh1 Rb2 34. Kg1 b4 35. Nd5 0-1

[Event "Mercredi 2010.05.12 ABCD"]
[Site "Montreal CAN"]
[Date "2010.05.12"]
[Round "1"]
[White "Bergeron, Rene"]
[Black "Pozdnyakov, Alexander"]
[Result "1-0"]
[WhiteElo "1636"]
[BlackElo "1617"]
[PlyCount "77"]
[EventDate "2010.05.12"]
[EventType "tourn"]
[EventRounds "5"]
[EventCountry "CAN"]

1. c4 e5 2. Nc3 Nc6 3. g3 g6 4. Bg2 Bg7 5. Nf3 d6 6. O-O h6 7. e3 Be6 8. b3 Qd7
9. Re1 Nf6 10. Rb1 O-O 11. d4 Bg4 12. dxe5 dxe5 13. Qxd7 Nxd7 14. Nd5 Rac8 15.
Nd2 Rfe8 16. Ne4 Ne7 17. Nec3 c6 18. Nxe7+ Rxe7 19. Ba3 Ree8 20. Ne4 Bf5 21.
Rbd1 Bxe4 22. Rxd7 Bxg2 23. Kxg2 Bf8 24. Bxf8 Kxf8 25. Rxb7 Re7 26. Rxe7 Kxe7
27. Rd1 a5 28. Kf3 a4 29. Ke4 f6 30. Kd3 Rd8+ 31. Kc2 Rxd1 32. Kxd1 axb3 33.
axb3 c5 34. Kc2 e4 35. Kc3 f5 36. b4 cxb4+ 37. Kxb4 Kd7 38. Kc5 Kc7 39. Kd5 1-0

[Event "Mercredi 2010.05.12 ABCD"]
[Site "Montreal CAN"]
[Date "2010.05.12"]
[Round "1"]
[White "Chen, Jianqiu"]
[Black "Soskic, Radmilo"]
[Result "1-0"]
[WhiteElo "1635"]
[BlackElo "1598"]
[PlyCount "115"]
[EventDate "2010.05.12"]
[EventType "tourn"]
[EventRounds "5"]
[EventCountry "CAN"]

1. e4 e5 2. Nf3 Nf6 3. Nc3 d6 4. d4 exd4 5. Nxd4 Be7 6. Bd3 O-O 7. f3 c6 8. Be3
Nbd7 9. Qd2 Ne5 10. O-O-O b5 11. f4 Nxd3+ 12. cxd3 Qc7 13. h3 b4 14. Nce2 c5
15. Nf5 Bxf5 16. exf5 Nd5 17. g4 Nxe3 18. Qxe3 Rfe8 19. Qd2 d5 20. g5 Bd6 21.
Kb1 a5 22. h4 a4 23. g6 fxg6 24. fxg6 h6 25. f5 Be5 26. d4 cxd4 27. Nxd4 Qc4
28. Rde1 b3 29. Nf3 bxa2+ 30. Ka1 Bxb2+ 31. Qxb2 Reb8 32. Qd4 Rb1+ 33. Rxb1
axb1=Q+ 34. Rxb1 Rc8 35. Qxc4 dxc4 36. Ka2 Kf8 37. Nd4 Ke7 38. Rb4 c3 39. Kb1
a3 40. Ra4 Kf6 41. Rxa3 Rc4 42. Nc2 Rxh4 43. Ne3 Ke5 44. Rxc3 Rh1+ 45. Kc2 Kd4
46. f6 gxf6 47. g7 Rg1 48. Rc8 Kxe3 49. g8=Q Rxg8 50. Rxg8 h5 51. Rh8 f5 52.
Rxh5 f4 53. Rh3+ Kf2 54. Rh2+ Kf1 55. Kd2 Kg1 56. Rh4 f3 57. Ke3 f2 58. Rg4+
1-0

[Event "Mercredi 2010.05.12 ABCD"]
[Site "Montreal CAN"]
[Date "2010.05.12"]
[Round "1"]
[White "Deshetres, Michel"]
[Black "Khudaverdian, Berj"]
[Result "0-1"]
[WhiteElo "1733"]
[BlackElo "1739"]
[PlyCount "62"]
[EventDate "2010.05.12"]
[EventType "tourn"]
[EventRounds "5"]
[EventCountry "CAN"]

1. e4 d5 2. exd5 Nf6 3. d4 Bg4 4. Be2 Bxe2 5. Qxe2 Nxd5 6. Qb5+ Nc6 7. Nf3 Qd7
8. O-O O-O-O 9. c4 Ndb4 10. Na3 a6 11. Qa4 e6 12. Bg5 f6 13. Be3 Kb8 14. Qb3 g5
15. Rfd1 g4 16. Ne1 Na5 17. Qc3 Qc6 18. c5 Qa4 19. b3 Qxa3 20. Bc1 Nxa2 21. Qe3
Qxb3 22. Qxb3 Nxb3 23. Rxa2 Nxd4 24. Rad2 Ne2+ 25. Kf1 Rxd2 26. Bxd2 Nd4 27.
Bc3 e5 28. Bxd4 exd4 29. Rxd4 Bxc5 30. Rxg4 Rd8 31. Nf3 b5 0-1

[Event "Mercredi 2010.05.12 ABCD"]
[Site "Montreal CAN"]
[Date "2010.05.12"]
[Round "1"]
[White "Gates, Claude-Eric"]
[Black "Sasseville, Jean"]
[Result "0-1"]
[WhiteElo "1790"]
[BlackElo "1951"]
[PlyCount "92"]
[EventDate "2010.05.12"]
[EventType "tourn"]
[EventRounds "5"]
[EventCountry "CAN"]

1. c4 Nf6 2. g3 g6 3. Bg2 Bg7 4. Nc3 O-O 5. Nf3 d6 6. O-O a6 7. d3 e5 8. Ne1 c6
9. Bg5 h6 10. Bxf6 Qxf6 11. f4 Bg4 12. Nc2 exf4 13. Rxf4 Qe6 14. Re4 Qd7 15.
Ne3 Be6 16. Na4 Qc7 17. Nc3 Nd7 18. Kh1 Rae8 19. Rf4 Ne5 20. Qc2 h5 21. Ne4 f5
22. Ng5 Bh6 23. Nxe6 Rxe6 24. Nd5 cxd5 25. Bxd5 Rfe8 26. Rd4 Ng4 27. Qb3 Qc5
28. Qc3 Bg7 29. Rxg4 Bxc3 30. Rxg6+ Kf7 31. Rh6 Bg7 32. Rxh5 Kg6 33. Bf3 Rxe2
34. g4 Re1+ 35. Rxe1 Rxe1+ 36. Kg2 fxg4 37. Rxc5 gxf3+ 38. Kf2 dxc5 39. Kxe1
Bd4 40. a3 Kh5 41. b4 Kh4 42. b5 Kh3 43. Kf1 Kxh2 44. a4 Kg3 45. a5 Kh2 46.
bxa6 bxa6 0-1

[Event "Mercredi 2010.05.12 ABCD"]
[Site "Montreal CAN"]
[Date "2010.05.12"]
[Round "1"]
[White "Lalonde, Paul"]
[Black "Gerard, Patrice"]
[Result "0-1"]
[WhiteElo "1946"]
[BlackElo "1790"]
[PlyCount "62"]
[EventDate "2010.05.12"]
[EventType "tourn"]
[EventRounds "5"]
[EventCountry "CAN"]

1. d4 Nf6 2. c4 g6 3. Nc3 Bg7 4. e4 d6 5. f3 O-O 6. Be3 e5 7. d5 Nh5 8. Qd2 f5
9. O-O-O f4 10. Bf2 Na6 11. Bd3 Bd7 12. Nge2 b6 13. Rdf1 Nc5 14. Bc2 a5 15.
Rhg1 Qe8 16. g3 b5 17. gxf4 b4 18. Nb1 Bh3 19. Rd1 Bh6 20. Ng3 Nxf4 21. Be3 b3
22. axb3 Nfd3+ 23. Bxd3 Nxb3+ 24. Kc2 Nxd2 25. Bxh6 Nxf3 26. Bxf8 Qa4+ 27. Kc1
Rxf8 28. Nc3 Qb3 29. Nf5 Rb8 30. Nb5 Nxg1 31. Ne7+ Kf8 0-1

[Event "Mercredi 2010.05.12 ABCD"]
[Site "Montreal CAN"]
[Date "2010.05.12"]
[Round "1"]
[White "Lange, Holger"]
[Black "Chesnut, Walter"]
[Result "1-0"]
[WhiteElo "1778"]
[BlackElo "1746"]
[PlyCount "68"]
[EventDate "2010.05.12"]
[EventType "tourn"]
[EventRounds "5"]
[EventCountry "CAN"]

1. e4 e5 2. Nf3 Nc6 3. d4 exd4 4. Bc4 Bc5 5. Ng5 Nh6 6. Nxf7 Nxf7 7. Bxf7+ Kxf7
8. Qh5+ g6 9. Qxc5 d6 10. Qc4+ Kg7 11. c3 Qe7 12. f3 dxc3 13. Nxc3 Ne5 14. Qe2
Be6 15. b3 Qh4+ 16. g3 Qh3 17. Bf4 Nc6 18. O-O-O Qh5 19. Nd5 Bxd5 20. Rxd5 Qh3
21. Qb2+ Kf7 22. Bg5 Qe6 23. Rhd1 h6 24. Bd2 Ne7 25. Rd3 a5 26. Bc3 Rhd8 27.
Bg7 g5 28. a4 Qg6 29. Bc3 c6 30. Qd2 Nc8 31. Bxa5 b6 32. Bc3 Qe6 33. Bb2 Ra5
34. Kc2 d5 1-0

[Event "Mercredi 2010.05.12 ABCD"]
[Site "Montreal CAN"]
[Date "2010.05.12"]
[Round "1"]
[White "Levkovsky, Alexandre"]
[Black "Dydak, Mateusz"]
[Result "1/2-1/2"]
[WhiteElo "2193"]
[BlackElo "1972"]
[PlyCount "89"]
[EventDate "2010.05.12"]
[EventType "tourn"]
[EventRounds "5"]
[EventCountry "CAN"]

1. e4 e6 2. d4 d5 3. Nc3 dxe4 4. Nxe4 Nd7 5. Nf3 Ngf6 6. Ng3 c5 7. Bg5 h6 8.
Bxf6 Nxf6 9. dxc5 Qa5+ 10. c3 Qxc5 11. Bd3 Bd7 12. Qe2 Be7 13. Ne5 Bc6 14. Nxc6
bxc6 15. Ne4 Nxe4 16. Qxe4 Qd5 17. O-O-O Qxe4 18. Bxe4 Rc8 19. f4 O-O 20. Rd3
Rc7 21. Rhd1 Rfc8 22. Kc2 Kf8 23. b4 a5 24. Kb1 axb4 25. cxb4 Ra7 26. a3 Ke8
27. Rc3 c5 28. b5 Ra4 29. Bc6+ Kf8 30. g3 c4 31. Kc2 Rxa3 32. Rxa3 Bxa3 33. Kc3
Bc5 34. Kxc4 Bb6 35. Rd7 Rb8 36. h3 h5 37. g4 hxg4 38. hxg4 g6 39. Be4 Rc8+ 40.
Kb4 Rb8 41. f5 gxf5 42. gxf5 exf5 43. Bd5 Kg7 44. Rxf7+ Kg6 45. Rb7 1/2-1/2

[Event "Mercredi 2010.05.12 ABCD"]
[Site "Montreal CAN"]
[Date "2010.05.12"]
[Round "1"]
[White "Plante, Michel"]
[Black "Gagnon, Serge"]
[Result "1-0"]
[WhiteElo "2060"]
[BlackElo "2097"]
[PlyCount "63"]
[EventDate "2010.05.12"]
[EventType "tourn"]
[EventRounds "5"]
[EventCountry "CAN"]

1. d4 d6 2. e4 Nf6 3. Nc3 g6 4. Be3 Bg7 5. Qd2 Nc6 6. f3 O-O 7. O-O-O e5 8. d5
Ne7 9. Bh6 Ne8 10. h4 f5 11. h5 f4 12. hxg6 Bxh6 13. Rxh6 hxg6 14. g4 Kg7 15.
Qh2 Nf6 16. Rh3 g5 17. Bd3 Ng6 18. Nge2 Nh4 19. Nxf4 Nxf3 20. Rxf3 exf4 21. e5
dxe5 22. Rh3 Rh8 23. Rh1 Rxh3 24. Qxh3 Qg8 25. d6 Be6 26. dxc7 Kf7 27. Bf5 Bxf5
28. gxf5 g4 29. Qd3 Rc8 30. Qd6 Qe8 31. Nd5 Ng8 32. Rh7# 1-0

[Event "Mercredi 2010.05.12 ABCD"]
[Site "Montreal CAN"]
[Date "2010.05.19"]
[Round "2"]
[White "Dydak, Mateusz"]
[Black "Gagnon, Serge"]
[Result "1-0"]
[WhiteElo "1972"]
[BlackElo "2097"]
[PlyCount "38"]
[EventDate "2010.05.12"]
[EventType "tourn"]
[EventRounds "5"]
[EventCountry "CAN"]

1. e4 d6 2. Nc3 g6 3. f4 Bg7 4. d4 Nf6 5. Nf3 O-O 6. Be3 d5 7. e5 Ng4 8. Qd2
Nc6 9. Bd3 Nh6 10. O-O-O Bg4 11. Be2 e6 12. h3 Bxf3 13. Bxf3 f6 14. exf6 Qxf6
15. Ne2 Nf5 16. Bf2 Nd6 17. h4 a5 18. h5 Nc4 19. Qe1 b5 1-0

[Event "Mercredi 2010.05.12 ABCD"]
[Site "Montreal CAN"]
[Date "2010.05.19"]
[Round "2"]
[White "Gates, Claude-Eric"]
[Black "Lalonde, Paul"]
[Result "1-0"]
[WhiteElo "1790"]
[BlackElo "1946"]
[PlyCount "62"]
[EventDate "2010.05.12"]
[EventType "tourn"]
[EventRounds "5"]
[EventCountry "CAN"]

1. c4 Nf6 2. g3 e6 3. Bg2 Nc6 4. Nc3 Bc5 5. Nf3 d5 6. cxd5 exd5 7. d4 Bb6 8.
Bg5 h6 9. Bxf6 Qxf6 10. Nxd5 Ba5+ 11. Nc3 Bg4 12. O-O Bxf3 13. Bxf3 O-O 14. e3
Rad8 15. Bg2 Rfe8 16. Qf3 Qg6 17. Ne4 Bb6 18. Nc3 a6 19. a3 Qc2 20. Nd5 Bxd4
21. exd4 Nxd4 22. Qg4 Ne2+ 23. Kh1 f5 24. Qb4 b5 25. Rad1 c5 26. Qd2 Qa4 27.
Qd3 Nd4 28. b4 Nb3 29. Qxf5 Rf8 30. Ne7+ Kh8 31. Ng6+ Kh7 1-0